Vytvorenie webovej aplikácie pre sprostredkovanie ponuky a dopytu po práci

Saved in:
Bibliographic Details
Main Author: Durčáková, Katarína (Author)
Other Authors: Stašová, Oľga (Thesis advisor)
Format: Manuscript Book
Language:Slovak
Published: Bratislava : STU v Bratislave FEI, 2024
Subjects:
Online Access:https://opac.crzp.sk/?fn=detailBiblioFormChildYB7UB&sid=925BFB95FAA30F229F9BCD019F0C&seo=CRZP-detail-kniha
Tags: Add Tag
No Tags, Be the first to tag this record!

MARC

LEADER 00000ntm a22000003a 4500
001 stuzp92794
003 SK-STU
005 20250403121622.6
007 ta
008 150427s2015----xo-----f-mn---000-0-slo-d
040 |a STU  |b slo 
041 0 |a slo 
044 |a xo 
100 1 |a Durčáková, Katarína  |u 035000  |4 aut  |U FEI Fakulta elektrotechniky a informatiky  |T FEI Ústav informatiky a matematiky  |X 111212  |U E050  |Y 816  |7 111212 
242 0 1 |a Creating a web application for mediation of supply and demand for work  |y eng 
245 1 0 |a Vytvorenie webovej aplikácie pre sprostredkovanie ponuky a dopytu po práci 
260 |a Bratislava :  |b STU v Bratislave FEI,  |c 2024 
300 |a 62 s., príl. 
650 4 |a Front-end  |2 slo 
650 4 |a Wordpress stránky  |2 slo 
650 4 |a World Wide Web  |2 slo 
650 4 |a Wordpress sites  |2 eng 
650 4 |a World Wide Web  |2 eng 
650 4 |a Front-end  |2 eng 
700 1 |a Stašová, Oľga  |u 035000  |k Z1  |4 ths  |U FEI Fakulta elektrotechniky a informatiky  |T FEI Ústav informatiky a matematiky  |X 3695  |U E050  |Y 816  |7 A000003695 
856 4 |u https://opac.crzp.sk/?fn=detailBiblioFormChildYB7UB&sid=925BFB95FAA30F229F9BCD019F0C&seo=CRZP-detail-kniha